Un bilan des privatisations des entreprises estallemandes.

Štúdia o privatizácii východonemeckých podnikov. Kvantitatívna bilancia vypracovaná úradom Treuhandanstalt v r. 1991. Kvalitatívna bilancia. Potreba rozličných opatrení v privatizačnej praxi. Bolo potrebné rozdeliť veľké kombináty. Problémy iných podnikov. (Services de l'expansion économique, nov. 1...

Ausführliche Beschreibung

Gespeichert in:
Bibliographische Detailangaben
Format: Buchkapitel
Sprache:Französisch
Schlagworte:
Tags: Tag hinzufügen
Keine Tags, Fügen Sie das erste Tag hinzu!

MARC

LEADER 00000naa a2200000 4500
001 r008479
005 20220913124748.8
041 0 |a fre 
044 |a FR 
245 1 0 |a Un bilan des privatisations des entreprises estallemandes. 
520 |a Štúdia o privatizácii východonemeckých podnikov. Kvantitatívna bilancia vypracovaná úradom Treuhandanstalt v r. 1991. Kvalitatívna bilancia. Potreba rozličných opatrení v privatizačnej praxi. Bolo potrebné rozdeliť veľké kombináty. Problémy iných podnikov. (Services de l'expansion économique, nov. 1991). 
610 2 0 |a privatizácia 
610 2 0 |a východné Nemecko 
610 2 0 |a bilancie 
610 2 0 |a podnik 
610 2 0 |a kombináty 
610 2 0 |a Nemecko